[Event "EYCC Open U16 2018"]
[Site "Riga"]
[Date "2018.08.28"]
[Round "8"]
[White "Oboladze, Luka"]
[Black "Barseghyan, Armen Ar"]
[Result "0-1"]
[WhiteElo "2349"]
[BlackElo "2251"]
[Annotator "TA"]
[PlyCount "170"]
[EventDate "2018.08.20"]
[EventType "swiss"]
[EventCountry "LAT"]
[SourceTitle "playchess.com"]
[Source "ChessBase"]
[SourceQuality "1"]

{[%evp 18,170,-75,-88,-77,-81,-72,-77,-56,-20,-31,-54,-68,-50,-60,-43,-68,-43,-22,-25,10,-12,-14,-50,-41,-67,-69,-101,-22,-37,-8,-2,0,-33,-46,-37,-35,-77,0,0,0,-33,0,-38,0,-70,-43,-70,-40,-57,-47,-75,-25,-129,-37,-41,-48,-45,-54,-49,-41,-50,-31,-134,-35,-45,-22,-37,88,12,0,30,0,0,68,0,0,0,10,0,38,37,39,39,20,14,18,13,18,0,0,0,82,71,151,152,145,141,140,0,193,131,381,346,305,309,606,577,2018,1903,1877,1769,29948,29952,1059,-34,-23,-23,-31,-43,-8,-8,-8,-8,-8,-8,0,-8,0,0,0,-303,-298,-29963,-29966,-29950,-29951,-5218,-1522,-12791,-11196,-5284,-5121,-5114,-4694,-29977,-29979,-29977,-29980,-29980,-29966,-6532,-5110,-29990,-29991]} 1. e4 {[%cal Be2e4,Be4e5][%mdl 32]} c6 2. d4 d5 3. e5 Bf5 4. Nc3 e6 5. g4 Bg6 6. Nge2 f6 7. Nf4 fxe5 8. Nxg6 hxg6 {[%cal Bh7g6,Bg6g5][%mdl 32]} 9. dxe5 {B12: Caro-Kann (Vorstoß-Variante)} Nd7 10. Bf4 {LiveBook: 15 Partien} (10. Qe2 Nh6 11. Bd2 Qh4 12. h3 Nxg4 13. Bg2 Ngxe5 14. O-O-O g5 15. Rhf1 Bd6 16. Kb1 O-O-O {0-1 (41) Kanovsky,D (2472)-Jaracz,P (2575) Pardubice 2011}) 10... g5 11. Bg3 {Schwarz steht besser.} Qb6 $146 ({Vorgänger:} 11... Bb4 12. Qd3 Ne7 13. Bg2 Qa5 14. O-O Bxc3 15. bxc3 O-O-O 16. Qe3 Rhe8 {1-0 (42) Hou,Q (2320)-Stigar,P (2298) Budapest 2011}) 12. Qd3 O-O-O (12... Qxb2 $5 13. Rb1 $8 Qa3 $11) 13. O-O-O Bb4 14. Na4 Qa5 15. Qb3 b5 16. a3 Be7 17. Nc3 Nc5 18. Qa2 Na4 19. Nxa4 Qxa4 20. Qb3 Qxg4 21. Qc3 Kb7 $36 {[%mdl 2048] Schwarz kämpft um Vorteil.} 22. f3 Qf5 ({Besser ist} 22... Qa4 $1 $17 23. Rd4 Qa6) 23. Bf2 Nh6 24. Kb1 $1 Rd7 25. a4 (25. Bxa7 $5 Kxa7 26. Qxc6 $11) 25... b4 26. Ba6+ Kc7 27. Qe3 c5 ({Lieber} 27... Kb8 $17) 28. Qe2 $11 Rb8 $1 29. Rhe1 Kd8 30. Bb5 Rc7 31. Rd2 (31. b3 $11) 31... b3 $15 32. Ka1 bxc2 (32... a6 $5 33. Bxa6 c4 $11) 33. Rxc2 Qf4 34. Rd1 a6 (34... Qxh2 35. Qe4 $11) 35. Rc4 (35. Bg3 $11 Qb4 36. Be1) 35... Qf7 (35... Qxh2 $17 36. Bxa6 g4 $1 {[%mdl 512]} 37. fxg4 Ra7) 36. Bxa6 Ke8 {[%cal Bd8e8,Be8f8,Bf8g8][%mdl 32]} 37. Rc2 Kf8 38. Bb5 Nf5 39. Kb1 c4 40. Qd2 (40. b3 $1 $15) 40... Qg6 (40... Rcb7 $1 $17 41. Rf1 Kg8) 41. Rg1 Kg8 42. h4 $1 d4 (42... Rcb7 $15 {behält die Oberhand.}) 43. h5 (43. Bxc4 $2 Rxc4 $1 {[%mdl 512]} 44. Rxc4 Ne3+ 45. Rc2 Nc4 $19) (43. hxg5 $16 Rd8 44. Ka2 (44. Bxc4 Rxc4 45. Rxc4 Ne3+ 46. Rc2 Bb4 $14)) 43... Qh7 $1 $11 44. Rgc1 (44. Bxc4 $2 Rxc4 $1 {[%mdl 512]} 45. Rxc4 Ne3+ 46. Rc2 Nc4 $19) 44... c3 45. Qd3 {[%cal Rb2c3]} cxb2 (45... Rbc8 $11) 46. Kxb2 ({Günstiger ist} 46. Rxb2 $14 Rxc1+ 47. Kxc1) 46... Rxc2+ 47. Rxc2 {Weiss will Db3 spielen.} Qxh5 48. Qb3 Qf7 49. Rc6 Ne3 50. Bxe3 dxe3 51. Qxe3 Qf5 52. Ka2 Rd8 53. Qc3 {Und Lc4 würde nun gewinnen.} Qf4 {Droht ...Td2+.} 54. Rc8 Rxc8 (54... Qh2+ $11 {bleibt in der Remisbreite.} 55. Kb3 Qg1 56. Rxd8+ Bxd8) 55. Qxc8+ $16 Kh7 (55... Bf8 $142) 56. Qxe6 Qd2+ 57. Kb3 {Droht Matt per Dh3+.} Qe3+ 58. Kc4 ({Weiss kommt nicht vorbei an} 58. Kc2 $16 {Beabsichtigt Dh3+ und Matt.} Qf2+ 59. Kc3 Qe1+ 60. Kd4 Qf2+ 61. Ke4 Qe1+ 62. Kd5 (62. Kf5 Qb1+ 63. Kg4 Qg1+ 64. Kf5 Qb1+ 65. Kg4 Qg1+ 66. Kf5 Qb1+ $11) 62... Qd1+ 63. Kc6 Qxf3+ 64. Qd5) 58... Qe2+ $2 (58... Qf4+ $11 {und Schwarz steht sicher.} 59. Kc3 Qb4+ 60. Kc2 Qc5+ 61. Kd3 g4) 59. Kd4 (59. Kc3 $18 Qe1+ 60. Kd4 Qf2+ 61. Ke4) 59... Qb2+ $2 (59... Qf2+ $16 {ist eine bessere Verteidigung.} 60. Ke4 Ba3) 60. Ke4 $18 {jetzt Dh3+ und aus.} Qb4+ {[#]} 61. Qc4 $1 {[%cal Rc4b4] zielt auf Dxb4 ab.} Qe1+ $2 (61... g4 62. fxg4 Kg6) 62. Kd5 Qf2 63. Ke6 Bf8 64. Qe4+ Kg8 65. Bc4 Qc5 66. Qd5 $2 (66. Kf5+ $18 Kh8 67. Kg6 Qb6+ 68. Kf7) 66... Qc8+ $15 67. Qd7 Qxc4+ 68. Kf5 $1 {Droht stark De6+.} Qf4+ 69. Kg6 Qxf3 {...g4 ist eine echte Drohung.} 70. Qe6+ Kh8 71. Qf5 Qc6+ 72. e6 {[%cal Rf5f8]} Qe8+ 73. Qf7 Qa8 74. Qd7 $2 {[%mdl 8192]} (74. Qf5 $11 {und Weiss ist OK.} Qe8+ 75. Qf7) 74... g4 $19 75. Qb5 $2 (75. Kg5 $19) 75... Qe4+ 76. Kf7 Qf4+ 77. Ke8 Kg8 {Und weiter mit ...Dc7 wäre nett.} 78. Qd5 Qb8+ 79. Kd7 Qa7+ 80. Kc8 Be7 81. Qc6 g3 82. a5 Qxa5 83. Qe8+ Bf8 84. Qf7+ Kh7 {( -> ...g2)} 85. Qxf8 Qa8+ {Precision: Weiß = 33%, Schwarz = 41%.} 0-1

[Event "EYCC Open U16 2018"]
[Site "Riga"]
[Date "2018.08.28"]
[Round "8"]
[White "Degraeve, Remy"]
[Black "Martinovici, Ilie"]
[Result "1/2-1/2"]
[WhiteElo "2322"]
[BlackElo "2358"]
[Annotator "TA"]
[PlyCount "109"]
[EventDate "2018.08.20"]
[EventType "swiss"]
[EventCountry "LAT"]
[SourceTitle "playchess.com"]
[Source "ChessBase"]
[SourceQuality "1"]

{[%evp 24,109,70,56,61,58,116,108,97,52,115,58,53,62,158,123,116,113,117,16,25,0,0,0,4,0,6,0,0,0,6,0,0,0,0,-45,-39,-62,-39,-51,0,0,-2,0,0,-35,-32,-95,-102,-177,-187,-242,-233,-251,-204,-334,-354,-329,-341,-514,-514,-656,-617,-582,-551,-460,-356,-672,-486,-689,-468,-1170,-1193,-914,-613,-612,-604,-477,-549,-450,0,0,0,0,0,0,0,0]} 1. e4 e6 2. d4 d5 3. Nd2 Nf6 4. e5 Nfd7 5. Bd3 c5 6. c3 Nc6 7. Ngf3 Qb6 8. O-O cxd4 9. cxd4 Nxd4 10. Nxd4 Qxd4 11. Nf3 Qb6 12. a3 {C06: French Tarrasch: 3...Nf6 4 e5 Nfd7 5 Bd3 main lines} (12. Qa4 Qb4 13. Qc2 Nc5 14. Bd2 Qa4 15. b3 Qd7 16. Rac1 b6 17. Nd4 Ba6 18. Bxa6 Nxa6 19. Qd3 Nc5 20. Qe2 a5 21. Be3 Be7 22. Qg4 g6 {1-0 (75) Mamedov,R (2660)-Wang,H (2734) Shamkir 2014 CBM 160 [Sagar Shah]}) 12... h6 13. Qa4 {[%mdl 1024] LiveBook: 4 Games. White has compensation.} Qd8 14. Bd2 {White is slightly better.} g5 $146 (14... Be7 $14) ({Predecessor:} 14... b6 15. Rac1 a6 16. Nd4 Bc5 17. Nxe6 fxe6 18. Bg6+ Kf8 19. Qf4+ Nf6 {0-1 (51) Losekoot,P (2060)-Hendrikx,N (2246) Amsterdam 2011}) 15. Rac1 $16 Be7 16. Nd4 Kf8 {[#]} ({Black should try} 16... O-O $14) 17. f4 (17. Ba5 $1 $16 {[%cal Ra5d8]} b6 18. Nc6) 17... Nc5 $14 18. Qc2 Kg7 (18... Nxd3 $14 19. Qxd3 Kg8) 19. f5 exf5 20. Bxf5 Ne6 21. Bxe6 (21. Bg4 $16 Qb6 22. Rxf7+ Kxf7 23. Bh5+ Kg8 24. Qg6+ Ng7 25. Qf7+ Kh7 26. Be3) 21... Bxe6 $11 22. Nf5+ Bxf5 23. Qxf5 {[%csl Gf1][%cal Rf5f7]} Rf8 24. h4 Qb6+ 25. Kh1 Rae8 26. Qd7 Qe6 27. Qxb7 Rb8 28. Qxa7 Rxb2 29. Be3 Rb3 $36 {[%mdl 2048] Black fights for an advantage.} 30. a4 Rb4 31. Kg1 Rxh4 (31... Qxe5 $15 32. Rc7 Re8) 32. Rc7 Bd8 (32... Qxe5 $6 33. Rxe7 Qh2+ 34. Kf2 $16) 33. Rb7 Kg8 34. Bf2 (34. Bc5 $2 Qxe5 35. Qb8 Qxb8 $17) 34... Rf4 35. Re1 (35. a5 $1 $15) 35... h5 {[%cal Bh6h5,Bh5h4][%mdl 32]} 36. Qc5 (36. Rb2 $17 {is a better defense.}) 36... Rxa4 $19 37. Rb3 (37. Rb5 $142) 37... Rc4 38. Qa7 h4 39. Qa2 (39. Bc5 {was necessary.} Rc2 40. Kh1 (40. Bxf8 $2 Qg4 $19)) 39... Re4 40. Rxe4 dxe4 41. Qb2 (41. Bd4 {was called for.}) 41... Bc7 42. Bd4 Rd8 {And now ...Rxd4 would win.} 43. Rb7 Rd7 44. Qc1 Bd8 ({Less strong is} 44... Rxd4 45. Qxg5+ Qg6 46. Qxg6+ fxg6 47. Rxc7 $17) 45. Rb8 $2 (45. Rxd7 Qxd7 46. Qd2) 45... Kh7 (45... Rxd4 $2 46. Qxg5+ Kh7 47. Rxd8 $19) 46. Qe3 (46. Qd1 $142 g4 47. Qe1 Rxd4 48. Qf1) 46... Qg4 {aiming for ...Qd1+.} 47. Bc3 (47. Kh2 $142) 47... Rd1+ 48. Kh2 Rd3 49. Qf2 Qg3+ ({Weaker is} 49... Rxc3 50. Qxf7+ Kh6 {[#]} 51. Rb6+ $3 {[%mdl 512]} Bxb6 52. Qf6+ Kh7 53. Qf7+ Kh8 54. Qf8+ Kh7 55. Qf7+ Kh8 56. Qf8+ Kh7 57. Qf7+ $11) 50. Qxg3 hxg3+ 51. Kh3 Bc7 $2 {[#]} (51... Rxc3 $2 52. Rxd8 Rc5 53. e6 $19) (51... Kg6 $19 {( -> ...Kh5)} 52. Be1 Kf5 53. Bxg3 Bc7) 52. e6 $1 $11 {[%mdl 512] The position is equal.} fxe6 53. Rh8+ Kg6 54. Rg8+ Kf5 (54... Kh5 $5 55. Rh8+ $8 Kg6 56. Rg8+ Kh5 57. Rh8+ Kg6 $11) 55. Rf8+ {Precision: White = 39%, Black = 63%.} 1/2-1/2

[Event "EYCC Open U16 2018"]
[Site "Riga"]
[Date "2018.08.28"]
[Round "8"]
[White "Loiacono, Antonio"]
[Black "Pacan Milej, Kosma"]
[Result "1/2-1/2"]
[WhiteElo "2297"]
[BlackElo "2354"]
[Annotator "TA"]
[PlyCount "39"]
[EventDate "2018.08.20"]
[EventType "swiss"]
[EventCountry "LAT"]
[SourceTitle "playchess.com"]
[Source "ChessBase"]
[SourceQuality "1"]

{[%evp 17,39,30,30,27,25,18,18,25,31,17,16,16,35,27,30,10,20,-5,20,0,0,0,0,-16]} 1. e4 c5 2. Nf3 d6 3. Bb5+ Nd7 4. O-O a6 5. Bd3 Ngf6 6. Re1 {B51: Sicilian: Moscow Variation (3 Bb5+) without 3...Bd7} (6. c3 b5 7. Bc2 Bb7 8. Re1 c4 9. a4 e6 10. axb5 axb5 11. Rxa8 Qxa8 12. Na3 Bxe4 13. Bxe4 Nxe4 {½-½ (58) Anand,V (2768)-So,W (2780) Saint Louis 2018}) 6... g6 7. c3 Bg7 8. Bc2 Ne5 9. Nxe5 dxe5 {LiveBook: 4 Games} 10. d3 O-O 11. Be3 Qc7 12. f3 $146 ({Predecessor:} 12. Nd2 b6 {0-1 (48) Sade,D (1577)-Ersahin,B (2138) Serik 2017}) 12... b5 13. a4 Be6 14. Nd2 Nd7 15. Qe2 Rfb8 16. axb5 axb5 {The position is equal.} 17. Bb3 Qc6 18. Bxe6 Qxe6 19. Qf2 Ra2 20. Rab1 1/2-1/2

[Event "EYCC Open U16 2018"]
[Site "Riga"]
[Date "2018.08.28"]
[Round "8"]
[White "Postnikov, Roman"]
[Black "Travadon, Loic"]
[Result "0-1"]
[WhiteElo "2070"]
[BlackElo "2334"]
[Annotator "TA"]
[PlyCount "116"]
[EventDate "2018.08.20"]
[EventType "swiss"]
[EventCountry "LAT"]
[SourceTitle "playchess.com"]
[Source "ChessBase"]
[SourceQuality "1"]

{[%evp 25,116,-66,83,0,0,-66,-33,-47,57,-142,-81,-168,-174,-183,-141,-226,-127,-129,-116,-104,-129,-215,-128,-323,-237,-379,-378,-804,-798,-731,-770,-824,-808,-804,-795,-811,-852,-830,-822,-1372,-1395,-1361,-1339,-1272,-1075,-1134,-1095,-1008,-418,-417,-417,-410,-410,-383,-283,-274,-265,-257,-249,-339,-248,-340,-340,-333,-318,-311,-303,-557,-562,-448,-412,-625,-614,-604,-593,-665,-658,-511,-503,-799,-820,-799,-768,-844,-844,-818,-793,-2402,-1686,-5900,-5189,-29972,-570]} 1. d4 d5 2. c4 e6 3. Nf3 c6 4. Nc3 dxc4 5. a4 Bb4 6. Bd2 a5 7. e3 b5 8. axb5 Bxc3 9. Bxc3 cxb5 10. b3 Bb7 11. d5 Nf6 12. bxc4 b4 13. Bxf6 gxf6 {LiveBook: 7 Games} (13... Qxf6 $15 14. Qa4+ Ke7) 14. e4 {D31: Queen's Gambit Declined: Semi-Slav without ...Nf6 (+ Marshall Gambit and Noteboom) and Exchange Variation lines without ...Nf6} (14. Nd4 $16) 14... Nd7 $11 15. Nd4 (15. Bd3 $11) 15... Nc5 16. Bd3 {Black is slightly better.} e5 {[#]} ({Black should try} 16... a4 $15) 17. Nf5 $146 (17. Nb3 $1 $14 {keeps the upper hand.} Qb6 18. Nxc5 Qxc5 19. O-O) ({Predecessor:} 17. Nb3 Qb6 18. Bc2 Bc8 19. O-O Rg8 20. Kh1 Bd7 21. f4 Rg6 22. fxe5 Nxb3 23. Bxb3 fxe5 {0-1 (36) Georgiev,K (2545)-Pieterse,G (2255) Lugano 1986}) 17... Bc8 (17... a4 $142 18. O-O b3) 18. Ng7+ (18. Nh6 $17) 18... Kf8 $19 19. Nh5 Rg8 $36 {[%mdl 2048] White is under strong pressure.} 20. Qd2 {[#]} (20. O-O $17 {was called for.}) 20... Rg6 ({Much less strong is} 20... Rxg2 21. Qh6+ Ke8 22. Be2 $17) (20... Rg5 $1 $19 21. Be2 Nb3) 21. Qe3 Qd6 22. O-O a4 23. f4 (23. Rfb1 $17 {was necessary.}) 23... Nb3 (23... Nxd3 $19 24. Qxd3 Rh6) 24. fxe5 $2 (24. f5 $17 Rg5 25. Be2) 24... Qxe5 25. Nf4 (25. Ra2 {is the only way for White.} Qxh5 26. Bc2) 25... Nxa1 26. Nxg6+ $2 (26. Qc5+ Kg7 27. Qc6) 26... hxg6 27. Qc5+ Kg7 28. Qc6 Rb8 29. Qxa4 Qd4+ 30. Kh1 Qxd3 {[%cal Rd3f1]} 31. Qxa1 Qc3 32. Kg1 Qxa1 33. Rxa1 {[%mdl 4096] Endgame KRB-KR} b3 34. c5 {[#]} Ba6 $1 {[%mdl 512]} 35. c6 (35. Rxa6 b2) 35... b2 36. Rb1 Bd3 (36... Kf8 $142 37. Kf2 Ke7) 37. c7 Rc8 38. Rxb2 {Black must now prevent d6.} Rxc7 39. Rb4 Re7 40. Rd4 Ba6 ({Weaker is} 40... Bxe4 41. d6 $17) 41. Kf2 Bb7 42. Ke3 Rd7 43. d6 Rd8 44. h4 Bc8 45. Kf4 Be6 46. g4 $2 (46. Ke3) 46... Rh8 47. Kg3 g5 48. h5 (48. hxg5 $142 fxg5 49. Ra4) 48... Rd8 49. Kf3 Kf8 50. Kg3 Ra8 51. Rd3 Ke8 52. Kf3 (52. Rf3 $142 Ra4 53. Re3) 52... Kd7 53. Kg3 Ra1 54. Kh3 Rh1+ 55. Kg2 Rh4 56. Rh3 Rxg4+ 57. Kh1 Rxe4 58. Rh2 Re1+ {Precision: White = 25%, Black = 76%.} 0-1

[Event "EYCC Open U16 2018"]
[Site "Riga"]
[Date "2018.08.29"]
[Round "9"]
[White "Sonis, Francesco"]
[Black "Gatineau, Yovann"]
[Result "1-0"]
[WhiteElo "2468"]
[BlackElo "2368"]
[Annotator "TA"]
[PlyCount "73"]
[EventDate "2018.08.20"]
[EventType "swiss"]
[EventCountry "LAT"]
[SourceTitle "playchess.com"]
[Source "ChessBase"]
[SourceQuality "1"]

{[%evp 22,73,34,44,89,68,72,79,117,84,154,158,254,254,252,250,304,298,301,269,312,303,340,346,338,354,347,354,346,330,499,499,455,476,568,567,606,495,662,684,1603,1634,6515,6299,5377,371,5157,12843,10007,9166,5106,5106,29991,29992]} 1. Nf3 Nf6 {[%cal Bg8f6,Bf6d5,Bd5b4,Bb4d3][%mdl 32]} 2. c4 c5 3. Nc3 d5 4. cxd5 Nxd5 5. e4 Nb4 6. Bc4 Nd3+ 7. Ke2 Nf4+ 8. Kf1 Ne6 9. b4 g6 {A34: Symmetrical English: 2 Nc3, lines with ...d5} (9... cxb4 10. Nd5 g6 11. d4 Bg7 12. Be3 Nc6 13. Rc1 Bd7 14. Qd2 Qa5 15. h4 Rc8 16. Bb3 Qb5+ 17. Kg1 h6 18. Kh2 {1-0 (27) Aronian,L (2781)-Topalov,V (2803) London 2015 CBM 170 [Sagar Shah]}) 10. bxc5 Bg7 11. Bxe6 Bxe6 12. d4 {LiveBook: 27 Games} Bg4 13. Be3 Nc6 14. Ne2 f5 {[#]} 15. e5 $146 ({Predecessor:} 15. h3 fxe4 16. hxg4 exf3 17. gxf3 {1-0 (41) Seirawan,Y (2575)-Miles,A (2575) London 1982}) 15... f4 (15... Qd5 $142) 16. Nxf4 $16 O-O {[#]} (16... Qd7 $16) 17. Qb3+ $1 $18 Kh8 18. Ne6 ({Don't play} 18. Qxb7 $6 Qe8 $16) 18... Qd7 19. Nxf8 Rxf8 20. h3 {[%cal Bh2h3,Bh3h4,Bh4h5][%mdl 32]} Be6 21. Qc3 Rxf3 22. gxf3 Bd5 23. Ke2 Qf5 24. Kd2 Qxf3 25. h4 b6 (25... Qf7 $142 26. Rhg1 e6) 26. cxb6 axb6 {[#]} 27. h5 $1 g5 (27... gxh5 28. Rh2) 28. Rhg1 h6 29. Rg3 Qxh5 {[#]} 30. Bxg5 $1 Na5 (30... hxg5 31. Rh3) 31. Qc8+ Kh7 {[#]} 32. Bf6 $1 exf6 {[#]} 33. Rxg7+ $1 {[%mdl 512]} Kxg7 34. Rg1+ Kh7 35. exf6 {[%csl Gf6][%cal Rg1g7]} Nc4+ 36. Kc1 {[%csl Gf6][%cal Rg1g7]} Bg2 37. Qd7+ {Precision: White = 95%, Black = 12%.} 1-0

[Event "EYCC Open U16 2018"]
[Site "Riga"]
[Date "2018.08.29"]
[Round "9"]
[White "Globus, Or"]
[Black "Degraeve, Remy"]
[Result "0-1"]
[WhiteElo "2402"]
[BlackElo "2322"]
[Annotator "RC"]
[PlyCount "134"]
[EventDate "2018.08.20"]
[EventType "swiss"]
[EventCountry "LAT"]
[SourceTitle "playchess.com"]
[Source "ChessBase"]
[SourceQuality "1"]
[TimeControl "40/5400+30:1800+30"]

1. d4 {[%emt 0:00:00]} Nf6 {[%emt 0:00:00]} 2. c4 {[%emt 0:00:00]} e6 {[%emt 0:00:00]} 3. g3 {[%emt 0:00:00]} d5 {[%emt 0:00:00]} 4. Nf3 {[%emt 0:00:00]} Be7 {[%emt 0:00:00]} 5. Bg2 {[%emt 0:00:02]} O-O {[%emt 0:00:00]} 6. O-O {[%emt 0:00:09]} dxc4 {[%emt 0:00:00]} 7. Qc2 {[%emt 0:00:12]} a6 {[%emt 0:00:00]} 8. a4 {[%emt 0:00:50]} Bd7 {[%emt 0:00:00]} 9. Rd1 {[%emt 0:02:10]} Bc6 {[%emt 0:02:30]} 10. Nc3 {[%emt 0:01:10]} Nbd7 {[%emt 0:11:37]} 11. e4 {[%emt 0:03:47]} b5 {[%emt 0:02:26]} 12. d5 {[%emt 0:05:12]} exd5 {[%emt 0:01:03]} 13. e5 {[%emt 0:00:33]} Ng4 {[%emt 0:03:42]} 14. Nxd5 {[%emt 0:08:55]} Bxd5 {[%emt 0:05:56]} 15. Rxd5 {[%emt 0:02:47]} c6 {[%emt 0:00:39]} 16. Rd4 {[%emt 0:10:52]} Nxf2 {[%emt 0:05:48]} 17. Qxf2 {[%emt 0:19:22]} Bc5 {[%emt 0:00:12]} 18. Be3 {[%emt 0:03:57]} Bxd4 {[%emt 0:00:05]} 19. Nxd4 {[%emt 0:03:00]} Nxe5 {[%emt 0:01:59]} 20. Nxc6 {[%emt 0:01:55]} Nxc6 {[%emt 0:00:04]} 21. Bxc6 {[%emt 0:00:05]} Rc8 {[%emt 0:00:06]} 22. Bb7 {[%emt 0:02:10]} Rb8 {[%emt 0:00:48]} 23. Bxa6 {[%emt 0:01:37]} Qa5 {[%emt 0:00:15]} 24. Bc5 {[%emt 0:02:55]} Qxa6 {[%emt 0:01:15]} 25. Bxf8 {[%emt 0:00:13]} Rxf8 {[%emt 0:00:02]} 26. a5 {[%emt 0:02:23]} h6 {[%emt 0:00:09]} 27. Qc5 {[%emt 0:01:01]} Rc8 {[%emt 0:02:01]} 28. Qe7 {[%emt 0:01:40]} Rb8 {[%emt 0:01:23]} 29. Rf1 {[%emt 0:08:22]} Qxa5 {[%emt 0:00:51]} 30. Qxf7+ {[%emt 0:01:12]} Kh8 {[%emt 0:01:18]} 31. Qf4 {[%emt 0:00:47]} Rd8 {[%emt 0:01:13]} 32. Qe5 {[%emt 0:01:48]} Qb6+ {[%emt 0:01:30]} 33. Kg2 {[%emt 0:04:32]} Qc6+ {[%emt 0:01:19]} 34. Kg1 {[%emt 0:03:50]} Re8 {[%emt 0:00:36]} 35. Qf4 {[%emt 0:02:04]} Qc5+ {[%emt 0:00:24]} 36. Kg2 {[%emt 0:02:32]} Re2+ {[%emt 0:01:18]} 37. Rf2 {[%emt 0:00:03]} Rxf2+ {[%emt 0:01:15]} 38. Qxf2 {[%emt 0:00:05]} Qd5+ {[%emt 0:00:42]} 39. Qf3 {[%emt 0:00:16]} Qd2+ {[%emt 0:00:14]} 40. Qf2 {[%emt 0:00:00]} Qd3 {[%emt 0:00:00]} 41. h4 {[%emt 0:17:08]} Kh7 {[%emt 0:02:42]} 42. Qc5 {[%emt 0:01:20]} Qd2+ {[%emt 0:01:04]} 43. Kf3 {[%emt 0:00:53]} Qxb2 {[%emt 0:02:00]} 44. Qf5+ {[%emt 0:00:06]} Kg8 {[%emt 0:00:19]} 45. Qc8+ {[%emt 0:00:36]} Kf7 {[%emt 0:00:08]} 46. Qd7+ {[%emt 0:00:35]} Kg8 {[%emt 0:01:17]} 47. Qc8+ {[%emt 0:00:34]} Kh7 {[%emt 0:00:06]} 48. Qf5+ {[%emt 0:00:50]} g6 {[%emt 0:00:05]} 49. Qd7+ {[%emt 0:00:06]} Qg7 {[%emt 0:00:06]} 50. Qxb5 {[%emt 0:00:05]} Qc7 {[%emt 0:00:09]} 51. h5 {[%emt 0:05:19]} c3 {[%emt 0:02:10]} 52. Qd3 {[%emt 0:00:23]} Qc6+ {[%emt 0:00:49]} 53. Ke2 {[%emt 0:00:22]} c2 {[%emt 0:01:12]} 54. hxg6+ {[%emt 0:03:49]} Kg7 {[%emt 0:00:29]} 55. Qd4+ {[%emt 0:00:32]} Kxg6 {[%emt 0:00:19]} 56. Qg4+ {[%emt 0:00:41]} Kf7 {[%emt 0:00:08]} 57. Qf4+ {[%emt 0:00:44]} Ke7 {[%emt 0:00:05]} 58. Qc1 {[%emt 0:00:26]} Qc3 {[%emt 0:02:23]} 59. Kf2 {[%emt 0:01:11]} Ke6 {[%emt 0:03:10]} 60. Ke2 {[%emt 0:02:49]} Kd5 {[%emt 0:00:44]} 61. g4 {[%emt 0:01:10]} Ke4 {[%emt 0:03:40]} 62. Qh1+ {[%emt 0:02:26]} Kd4 {[%emt 0:00:06]} 63. Qg1+ {[%emt 0:00:16]} Kc4 {[%emt 0:00:04]} 64. Qc1 {[%emt 0:00:24]} Kb3 {[%emt 0:00:14]} 65. Kf2 {[%emt 0:00:26]} Qd3 {[%emt 0:03:17]} 66. Qxh6 {[%emt 0:00:35]} Qd4+ {[%emt 0:00:07]} 67. Kg2 {[%emt 0:00:24]} Kb2 {[%emt 0:00:03]} 0-1

[Event "EYCC Open U16 2018"]
[Site "Riga"]
[Date "2018.08.29"]
[Round "9"]
[White "Martinovici, Ilie"]
[Black "Gorshtein, Ido"]
[Result "0-1"]
[WhiteElo "2358"]
[BlackElo "2375"]
[Annotator "TA"]
[PlyCount "132"]
[EventDate "2018.08.20"]
[EventType "swiss"]
[EventCountry "LAT"]
[SourceTitle "playchess.com"]
[Source "ChessBase"]
[SourceQuality "1"]

{[%evp 19,132,-36,-28,-38,2,-30,1,-5,0,-18,0,-4,0,-2,-10,-33,0,-42,-38,-35,-43,-45,-45,-81,-81,-106,-104,-103,-103,-110,-102,-110,-99,-97,-97,-105,-84,-110,-110,-122,-92,-124,-125,-122,-68,-79,0,0,0,-25,0,0,0,-16,-2,-17,-15,-41,0,-20,0,-13,-12,-15,0,-17,0,-35,-26,-162,-162,-162,-159,-168,-183,-138,-78,-158,-156,-382,-431,-607,-714,-708,-681,-713,-699,-709,-711,-688,-620,-1178,-1165,-1041,-391,-1040,-1026,-873,-843,-1145,-1433,-29967,-29968,-29955,-29957,-29974,-29975,-29975,-29976,-29976,-29977,-29977,-29975,-29962,-12572]} 1. d4 Nf6 2. c4 e6 3. Nc3 Bb4 4. Qc2 d6 5. e4 (5. Nf3 Nbd7 6. g3 b6 7. Bg2 Bb7 8. O-O Bxc3 9. Qxc3 O-O 10. Rd1 Qe8 11. b3 Ne4 12. Qc2 Nef6 13. Bb2 Be4 14. Qc3 a5 15. a3 Qe7 16. Bf1 h6 17. Nd2 Bb7 {1-0 (54) Mamedyarov,S (2808)-Karjakin,S (2782) Leuven 2018}) 5... Nbd7 6. a3 {E32: Nimzo-Indian: Classical (4 Qc2): 4...0-0} Bxc3+ 7. bxc3 O-O 8. Bd3 c5 9. Ne2 Qc7 10. O-O b5 $1 {LiveBook: 10 Games} 11. Qa2 cxd4 12. cxb5 $146 ({Predecessor:} 12. cxd4 bxc4 13. Qxc4 Qxc4 14. Bxc4 Nxe4 {½-½ (23) Khenkin,I (2644)-Braun,A (2558) Saarbruecken 2009}) 12... Ne5 13. Qc2 dxc3 14. Nxc3 Bb7 15. Bb2 Rac8 $36 {[%mdl 2048] Black is more active.} 16. Rac1 Rfd8 17. Qe2 {Hoping for Nd5.} Qb6 18. Na4 Qa5 19. Bxe5 Rxc1 20. Rxc1 {Bxf6 is the strong threat.} dxe5 21. Rc4 Qxb5 22. Rd4 Qe8 23. Rxd8 Qxd8 24. Nc5 Bc6 25. Qc2 h6 26. h3 Qd6 27. Qc3 Kh7 28. f4 Nh5 29. fxe5 Qb8 30. Be2 Nf4 31. Bf3 Ng6 (31... Bb5 $17 32. Qb4 Qb6) 32. Nxe6 $1 $15 fxe6 (32... Nxe5 $17 33. Nc5 f6) 33. Qxc6 $11 Qxe5 34. Qd7 a5 35. a4 Qc5+ 36. Kf1 Qc1+ (36... Nf4 {is more complex.} 37. Qd2 e5 38. Be2 Qb6 39. Bf3 Qb1+) 37. Qd1 Qc4+ 38. Be2 Qc3 39. Qd3 Qf6+ 40. Bf3 Qa1+ 41. Qd1 Qe5 42. Qe1 Nf8 43. Qb1 Nd7 44. Qb5 (44. Qe1 $11) 44... Qxb5+ $1 $19 45. axb5 {[%mdl 4096] Endgame KB-KN} Kg6 46. Ke2 Kf6 47. Kd3 {[#]} Ke5 (47... Ke7 $142 $1) 48. Kc4 (48. Bh5 $142) 48... Kd6 $17 49. Bd1 $2 {[#]} (49. Kb3 $17 Kc5 50. Be2) 49... Nb6+ $1 $19 50. Kd4 (50. Kb3 $142 Kc5 51. Bg4) 50... e5+ 51. Kc3 Kc5 52. Be2 Nc8 53. Kb3 Nd6 54. Ka4 Kb6 55. Bd3 Nb7 56. Be2 Nc5+ 57. Ka3 Nxe4 58. Kb3 Nd6 59. Ka4 e4 {[%cal Be5e4,Be4e3,Be3e2][%mdl 32]} 60. g4 e3 {Black mates.} 61. Kb3 Ne4 62. Kc2 Ng3 63. Bc4 e2 64. Kd2 g5 65. Ke1 a4 {[%cal Ba5a4,Ba4a3][%mdl 32]} 66. Kf2 a3 {Precision: White = 39%, Black = 71%.} 0-1